Die Bedeutung der kulturellen Kompetenz für den Übersetzer

Guardado en:
Detalles Bibliográficos
Autor principal: Seresová, Katarína, 1967-
Formato: Capítulo de libro
Lenguaje:alemán
Materias:
Etiquetas: Agregar Etiqueta
Sin Etiquetas, Sea el primero en etiquetar este registro!

MARC

LEADER 00000naa$a2200000$$$4500
001 0223916
005 20240502083557.2
041 0 |a ger 
044 |a DE 
245 1 0 |a Die Bedeutung der kulturellen Kompetenz für den Übersetzer  |c Katarína Seresová 
610 2 0 |a kompetencie komunikačné 
610 2 0 |a kultúra 
610 2 0 |a komunikácia interkultúrna 
610 2 0 |a prekladatelia 
610 2 0 |a preklady 
100 1 |a Seresová, Katarína, 1967-